000 00593nam a2200193Ia 4500
003 OSt
005 20250924122710.0
008 220923b |||||||| |||| 00| 0 eng d
037 _cReference
040 _aRTL
_cRTL
_beng
041 _2eng
_aeng
084 _aR.51.N2 F0/SC
_qRTL
100 _aStace, W.T.
_976330
245 0 _aCritical history of Greek philosophy.
260 _aDelhi
_bMac millan India Ltd.
_c1920
300 _axiv,386p.
_ccm.
_bincludes bibliographical references and index.
942 _hR.51.N2, F0/SC
_cREF
_2CC
_n0
999 _c506214
_d506214